Statistiques concernant Calcul mental #Table de 15

Cliquez ici pour prendre le quiz!

Statistiques générales

  • Ce quiz a été pris 212 fois
  • Le résultat moyen est 11 sur 15

Statistiques - réponses

HintRéponse% Correct
1 x 1515
100%
2 x 1530
100%
3 x 1545
100%
4 x 1560
97%
5 x 1575
97%
6 x 1590
91%
7 x 15105
89%
8 x 15120
81%
9 x 15135
73%
10 x 15150
68%
11 x 15165
56%
12 X 15180
49%
13 x 15195
34%
14 x 15210
28%
15 x 15225
18%

Distribution des résultats

Percentile par nombre de réponses

% des personnes avec chaque résultat

Votre développement - résultats

Vous n’avez pas pris ce quiz